000 00449nam a22001457a 4500
008 150310b xxu||||| |||| 00| 0 eng d
050 _aPN3353.F6 1954 C.2
100 _aForster, E.M.
_916065
245 _aAspects of the novel
_c/by Foster, Edward Morgan
260 _aNew York
_bHarvest book
_c1954
300 _a176p. ;
_c19cm.
650 _aFiction
_911426
650 _aEnglish fiction
_xHistory and criticism
_93711
942 _2lcc
_cMONOGRAPH
999 _c122360
_d122360